[Event "RUS-ch qual 57th"]
[Site "Tomsk"]
[Date "2004.05.28"]
[Round "6"]
[White "Korotylev, Alexey"]
[Black "Kharlov, Andrei"]
[Result "1-0"]
[WhiteElo "2565"]
[BlackElo "2593"]
[Annotator "Huzman,A"]
[PlyCount "65"]
[EventDate "2004.05.23"]
[EventType "swiss"]
[EventRounds "9"]
[EventCountry "RUS"]
[SourceTitle "CBM 102"]
[Source "ChessBase"]
[SourceDate "2004.09.23"]
[SourceVersion "1"]
[SourceVersionDate "2004.09.23"]
[SourceQuality "1"]

1. d4 d5 2. c4 dxc4 3. Nf3 c6 4. e3 Be6 5. Nc3 Nf6 6. Ng5 Qd7 7. Be2 (7. e4 $5
h6 (7... b5 {Gelfand} 8. Be2 (8. f3 g6 9. a4 b4 10. Ne2 Na6 11. Nxe6 Qxe6 12.
Nf4 Qd7 13. Bxc4 $16 {1-0 Borges Mateos,J-Arbunic Castro,G/Alicante 2000/EXT
2002 (35)}) 8... Bg4 9. e5 Bxe2 10. Qxe2 Nd5 11. e6 $44) 8. Nxe6 Qxe6 9. e5 Nd5
$2 (9... Nbd7 {Gelfand} 10. Be2 (10. Qe2 Nd5 11. Qxc4 $14) 10... Nd5 11. O-O h5
(11... N7b6 12. Ne4 Qc8 13. Bd2 e6 14. Rc1 Be7 15. Bxc4 Nxc4 16. Rxc4 O-O 17.
Qg4 Kh7 18. Rfc1 Qd7 19. Qh3 $36 {1/2-1/2 Christensen,J-Brusila,H/BFCC 2000 
(29)}) 12. Ne4 $1 $44) 10. Bxc4 Qd7 11. O-O e6 12. Ne4 Nb6 13. b3 $16 {1-0
Gelfand,B-Zilberman,Y/Tel Aviv 1999/CBM 71/[Gelfand] (27)}) 7... g6 (7... b5 8.
Nxe6 Qxe6 9. Bf3 a6 10. O-O Nbd7 11. b3 Rc8 12. bxc4 Qxc4 13. Bb2 e5 14. Ne4
Be7 15. Qb3 $44 {1/2-1/2 Jordaan,W-Laliga,O/IECC 2003/Telechess CBM 97 (55)})
8. e4 (8. Nxe6 Qxe6 9. Qa4 b5 10. Qa5 Nd5 11. a4 Nxc3 12. bxc3 a6 13. Bf3 $16 {
1-0 Costa,P-Bladyko,P/IECC 2002/Telechess CBM 97 (46)}) 8... b5 9. O-O Bg7 10.
e5 $1 Nd5 11. Nce4 Bf5 (11... Na6 12. Nxe6 fxe6 (12... Qxe6 13. Bg4 f5 14. exf6
Qxe4 15. fxg7 Rg8 16. Bh6 $18) 13. b3 $16 {[%csl Rg7] The Bg7 will never enter
the game. That's why White gets a big advantage by openig the game on the
queen's side.}) 12. Nc5 Qc8 13. g4 Bd7 14. a4 O-O $6 ({The best chance of
Black was trying to destroy the pawn centre of White.} 14... f6 $1 15. exf6 (
15. e6 fxg5 16. exd7+ Nxd7 17. axb5 (17. Ne6 Bf6 18. f4 (18. Bf3 N7b6 19. Re1)
(18. axb5 N7b6 19. Nxg5 cxb5) 18... N7b6 19. f5 Nc7 $13) 17... cxb5 18. Ne6
N7f6 19. Nxg7+ Kf7 20. f4 h6 21. fxg5 hxg5 22. Nf5 (22. Bxg5 Kxg7 $17) 22...
gxf5 23. Rxf5 Qc7 24. Re5 Rh3 25. Bf1 $13) (15. Nge4 O-O 16. f4 f5 17. gxf5
Bxf5 18. b3 Nd7 $13) 15... exf6 16. Nge4 O-O 17. Bf3 $44) 15. f4 c3 $2 (15...
f6 16. Nxd7 (16. e6 fxg5 17. exd7 Nxd7 18. Ne6 gxf4 19. Nxf8 Qxf8 $17) 16...
Qxd7 17. Ne4 $44) 16. f5 $1 $40 {[%mdl 132]} cxb2 17. Bxb2 Bh6 (17... Ne3 18.
Qb3 Nxf1 19. Rxf1 gxf5 (19... bxa4 20. Qh3 h6 21. fxg6 fxg6 22. Bc4+ Kh8 23.
Nf7+ Kh7 $1 $18) 20. e6 $1 Bxe6 21. Ncxe6 fxe6 22. axb5 Rf6 23. Nxe6 $16) 18.
Bc1 $1 (18. Nxf7 Rxf7 19. e6 Be3+ (19... Bxe6 20. fxe6 Rxf1+ 21. Qxf1 Qf8 22.
Qxf8+ Kxf8 23. axb5 $16) 20. Kh1 Rf6 21. exd7 Nxd7 22. Ne4 Rf8 23. axb5 cxb5
24. Qb3 N7b6 25. Rf3 $16) 18... Nc3 19. Qd3 Nxe2+ 20. Qxe2 $18 gxf5 (20... Bg7
21. Qf2 Na6 22. fxg6 fxg6 23. Qa2+ $18) 21. e6 $1 Bg7 (21... Be8 22. gxf5 (22.
Nxf7 Bxc1 23. gxf5 Bxf7 24. exf7+ Rxf7 25. Raxc1 $16) 22... f6 23. Nge4 $18)
22. gxf5 Be8 (22... Bxd4+ 23. Be3 Bxa1 24. Qh5 $18) 23. Ra3 $1 Qd8 (23... Bxd4+
24. Kh1 Qd8 25. Qh5 $18) 24. Rg3 $1 (24. exf7+ Bxf7 25. Nge6 Bxe6 26. Nxe6 Qd5
27. Rg3 Rf7 28. Bh6 $18) 24... Kh8 (24... Qxd4+ 25. Be3 Qe5 26. Nf3 Qxf5 27.
Qg2 $18) 25. f6 $1 (25. Qh5 h6 26. exf7 $18) 25... Bxf6 26. Rxf6 $18 (26. Qh5
Qxd4+ 27. Rf2 Bxg5 28. Qxg5 $18) 26... Qxd4+ (26... exf6 27. Qe4 fxg5 28. e7
$18) 27. Be3 (27. Rf2 $18) 27... Qxf6 28. Qd3 Qg7 (28... Qa1+ 29. Kg2 Qb2+ 30.
Kh3 $18) (28... Qg6 29. Nxf7+ Bxf7 30. Rxg6 Bxg6 31. Qd4+ $18) 29. Nxf7+ Rxf7
30. exf7 Qa1+ 31. Kg2 (31. Qf1 $18) 31... Qa2+ 32. Kg1 (32. Qd2 $18) 32... Qa1+
33. Qf1 1-0

[Event "Lippstadt 12th"]
[Site "Lippstadt"]
[Date "2004.07.27"]
[Round "4"]
[White "Buhmann, Rainer"]
[Black "Romanishin, Oleg M"]
[Result "1-0"]
[WhiteElo "2532"]
[BlackElo "2541"]
[Annotator "Huzman,A"]
[PlyCount "135"]
[EventDate "2004.07.24"]
[EventType "tourn"]
[EventRounds "9"]
[EventCountry "GER"]
[EventCategory "10"]
[SourceTitle "CBM 103"]
[Source "ChessBase"]
[SourceDate "2004.11.11"]
[SourceVersion "1"]
[SourceVersionDate "2004.11.11"]
[SourceQuality "1"]

1. d4 d5 2. Nf3 Nf6 3. c4 dxc4 4. e3 Bg4 5. Bxc4 e6 6. Nbd2 a6 7. a3 c5 8. dxc5
Bxc5 9. b4 Be7 (9... Bd6 10. Bb2 Nc6 11. h3 Bh5 12. Qb3 O-O 13. Rd1 Qe7 14.
Bxf6 gxf6 15. g4 Bg6 16. h4 h5 17. Rg1 Kh8 18. Bd3 $36 {1-0 Antoshin,V-Fuchs,R/
Kienbaum 1958/EXT 2003 (37)}) (9... Ba7 10. Bb2 Nc6 11. Qb3 Qe7 12. h3 Bh5 13.
g4 Bg6 14. g5 Nh5 15. Be2 O-O 16. Rg1 Rfd8 17. Nh4 Rd5 18. Nxg6 hxg6 19. Ne4
Kf8 20. Qc3 e5 21. Rd1 Rxd1+ 22. Bxd1 Rc8 23. Bxh5 gxh5 24. g6 $36 {1-0
Antoshin,V-Szilagyi,G/Moscow 1960/MCD (42)}) 10. Bb2 (10. O-O O-O 11. Bb2 b5
12. Be2 Nbd7 13. Nd4 Bxe2 14. Qxe2 Qb6 15. Rac1 Rac8 16. e4 {1/2-1/2 Niklasson,
C-Ott,F/Arosa 1972/EXT 2001 (16)}) 10... Nc6 11. h3 Bh5 12. O-O O-O 13. Rc1 Nd7
(13... Rc8 $11) 14. Be2 Bf6 15. Qb3 Bxb2 (15... Qe7 $5 16. Nc4 Bxb2 17. Qxb2 b5
18. Nb6 Nxb6 19. Rxc6 Qb7 $11) 16. Qxb2 Nf6 17. Rc5 (17. Nc4 Qe7 18. Nce5 Nxe5
19. Qxe5 Rac8 $11) 17... Qe7 18. Rfc1 Rfd8 19. Nc4 Bxf3 $5 20. Bxf3 Nd7 21. Rh5
f5 {Black try to trap Rh5.But White manage to save the rook.} (21... Nf6 22.
Nb6 $1 (22. Rc5 $11) 22... Nxh5 23. Nxa8 Rxa8 24. Bxh5 $14) 22. Bxc6 bxc6 23.
Na5 Nb8 (23... Rac8 $5 24. Nxc6 (24. g3 c5 $11 25. Nb7 $2 Nf6 $19) 24... Rxc6
25. Rxc6 g6 26. Rh6 Qg5 27. Rxh7 Kxh7 28. Rxe6) 24. g3 $1 $16 Ra7 25. Rh4 Rad7
26. Nb3 $1 Rd5 27. Rhc4 {[%mdl 32]} h6 28. Qc2 $1 (28. Nd4 f4 29. gxf4 e5 $132)
(28. Na5 $5 Rd1+ 29. Kg2 R8d2 30. Qe5 $16) 28... Qf6 29. Nd4 f4 $5 30. gxf4 e5
31. Nf3 $1 (31. Nxc6 Nxc6 32. Rxc6 Qh4 33. Qc4 Qxh3 34. fxe5 $18) (31. fxe5
Rxe5 32. Rc5 $16) 31... exf4 32. Rxf4 $18 Qe6 33. Rg4 Rf8 34. Nd4 Qf6 35. Rg2 (
35. f4 $5) 35... Rg5 36. f4 Rxg2+ 37. Qxg2 Re8 38. Rc5 {I think there are some
mistakes in the writing down of moves. But the position of White is already
completely winning and the rest of the game doesn't need commentaries.} Qg5 39.
Rf5 Qh4 40. Nf3 Qd8 41. Ne5 Qb6 42. Qe4 Kh7 43. Kf2 Qd8 44. Qd3 Qh4+ 45. Kg2
Rd8 46. Qc2 Kg8 47. Nf3 Qe7 48. Re5 Qf7 49. Qe4 Nd7 50. Re7 Nf6 51. Rxf7 Nxe4
52. Re7 Nf6 53. Nd4 Nd5 54. Nxc6 Rd6 55. Re8+ Kf7 56. Rc8 Nxe3+ 57. Kf3 Nd5 58.
Ne5+ Ke6 59. Nc4 Rd7 60. Rc6+ Ke7 61. Rxa6 Rc7 62. Ne5 Rc3+ 63. Ke4 Nf6+ 64.
Kf5 Rxh3 65. Ra7+ Kf8 66. Ng6+ Ke8 67. Ke6 Rd3 68. Rxg7 1-0

[Event "Goodricke op 13th"]
[Site "Kolkata"]
[Date "2002.03.20"]
[Round "4"]
[White "Aleksandrov, Aleksej"]
[Black "Fominyh, Alexander"]
[Result "1-0"]
[WhiteElo "2645"]
[BlackElo "2536"]
[Annotator "Huzman,A"]
[PlyCount "65"]
[EventDate "2002.03.17"]
[EventType "swiss"]
[EventRounds "11"]
[EventCountry "IND"]
[SourceTitle "CBM 088"]
[Source "ChessBase"]
[SourceDate "2002.03.21"]
[SourceVersion "1"]
[SourceVersionDate "2002.03.21"]
[SourceQuality "1"]

1. d4 {Wells} d5 2. c4 dxc4 3. Nf3 Nf6 4. e3 Bg4 5. Bxc4 e6 6. Nbd2 Nbd7 7. Qb3
Rb8 (7... Nb6 8. Ne5 (8. Bd3 Be7 9. Ne5 Bh5 10. O-O O-O 11. Ne4 Nxe4 12. Bxe4
c6 13. g4 Bg6 14. Nxg6 hxg6 15. Bd2 Bd6 $15 {1-0 Camarena,J-Bouwmeester,H/Tel
Aviv 1964/EXT 99 (48)}) 8... Bh5 (8... Be7 9. O-O Nxc4 10. Ndxc4 Be2 11. Re1
Bxc4 12. Nxc4 Qd5 13. f3 b5 14. Na5 O-O 15. Bd2 c5 16. Qxb5 Rab8 17. Nc6 Qd7
18. Nxe7+ Qxe7 19. Qxc5 Qxc5 20. dxc5 $16 {1-0 Kaminik,A-Wadsack,W/Vienna 1996/
EXT 2000 (27)}) 9. O-O Be7 (9... Bd6 10. a4 O-O 11. a5 Nxc4 12. Ndxc4 Be2 13.
Re1 Bxc4 14. Nxc4 Rb8 15. h3 Ne4 16. Qc2 Qh4 17. Nxd6 cxd6 $11 {1/2-1/2 Ivanov,
I-Lerner,K/Beltsy 1979/MCD (53)}) 10. Bb5+ c6 11. Nxc6 bxc6 12. Bxc6+ Nbd7 13.
Bxa8 Qxa8 14. f3 O-O 15. Nc4 Qd5 16. e4 Qc6 17. Bf4 Bg6 18. Rac1 Qa6 19. Ne5
Nxe5 20. Bxe5 Nd7 21. Bg3 $16 {1-0 Beach,D-Small,V/Auckland 1979/EXT 98 (35)})
(7... Bd6 8. e4 Bxf3 9. Qxf3 e5 10. d5 O-O 11. O-O a5 12. Re1 a4 13. Nf1 Nb6
14. Bd3 Nfd7 15. Ng3 Qf6 16. Nf5 $14 {1-0 Boettcher,I-Winter,I/DDR 1975/EXT
2002 (57)}) 8. h3 (8. Qd3 Bd6 9. O-O O-O 10. Ng5 Bf5 11. e4 Bg6 12. Bxe6 fxe6
13. Nxe6 Qe7 14. Nxf8 Nxf8 15. f3 Nh5 16. Nc4 Nf4 17. Qc2 $16 {1-0 Roensch,
I-Winter,I/Schwerin 1969/MCD (51)}) 8... Bh5 9. g4 {'!' Wells.} (9. e4 Nb6 10.
Bd3 Be7 11. Qc2 Bg6 12. Nb3 O-O 13. O-O Nfd7 14. Be3 f5 15. Nc5 Nxc5 16. dxc5
fxe4 17. Bxe4 Bxe4 18. Qxe4 Qd5 19. Qg4 h5 20. Qg3 Bxc5 21. Bxc5 Qxc5 22. Rac1
Qd6 23. Rxc7 Qxg3 24. fxg3 Nd5 25. Rd7 Rfd8 $11 {1/2-1/2 Hempson,P-Mooney,D/
Recar 1995/EXT 97 (44)}) 9... Bg6 10. h4 b5 {'?!' Wells. Wells: 'Looks like a
typical staking out of some queen-side space in response to white's
aspirations on the other wing. In fact, it does little except create
weaknesses, and Alexandrov's grasp of this fact enables him to undertake
promising play on both wings.'} (10... h5 $5 11. g5 Ne4 12. Bxe6 Ndc5 13. dxc5
Nxc5 14. Bxf7+ Bxf7 15. Qc3 Qd5 16. Qe5+ Be6 $44) (10... h6 $5) (10... Nxg4 $2
{Wells} 11. h5 Bf5 12. e4) 11. Be2 h5 (11... h6 $5 {(Wells) If vulnerable on
both sides, it is not so clear that closing one of them is desirable.}) 12. g5
Ne4 13. a4 $1 a6 14. axb5 axb5 15. Bd3 {'!' Wells.} Nxd2 (15... Ra8 $5 16. Rxa8
Qxa8 17. Ke2 Nxd2 18. Bxd2 Bxd3+ 19. Qxd3 $14) 16. Bxd2 Bxd3 17. Qxd3 g6 18.
Ke2 {'!' Wells. Wells: 'Simple and powerful chess. Without trying to
prematurely force the issue white ends up with a safe king, and gains on both
flanks. it is black's queenside weaknesses that will tell.'} Bd6 (18... c5 19.
Ra7 c4 20. Qe4 $16) 19. Ba5 (19. Ra7 $5 O-O 20. Rc1 $36) 19... Qe7 (19... O-O
20. Rhc1 $16) 20. Rhc1 e5 (20... c5 21. dxc5 (21. e4 c4 22. Qc2 e5 $132) 21...
Nxc5 22. Qd4 e5 23. Qd5 e4 24. Nd4 $16) 21. dxe5 Nxe5 22. Nxe5 Bxe5 23. Qe4 $1
(23. Bxc7 Bxc7 24. Ra7 O-O 25. Rcxc7 Qe6 26. Qd7 Qb3 $44) 23... Bxb2 24. Qxe7+
Kxe7 25. Rxc7+ Ke6 26. Rb1 Ba3 $2 (26... Be5 27. Rc6+ Kd7 28. Rc5 Bd6 29. Rcxb5
Rxb5 30. Rxb5 Rc8 $16) 27. Rc6+ Kd7 (27... Kd5 28. Rc7 Rhf8 29. Rd1+ Ke6 30.
Rc6+ Ke7 31. Rd3 $18) 28. Rc7+ Ke6 29. Rc6+ Kd7 30. Rf6 Ke8 (30... Rhf8 31.
Rd1+ Ke7 32. Rd3 Bc5 (32... b4 33. Bc7 b3 34. Rf4 Rfc8 35. Bxb8 Rxb8 36. Re4+
Kf8 37. Rd1 $18) 33. Rc6 Rfc8 34. Rxc5 Rxc5 35. Bb4 Rbc8 36. Rd5 $18) 31. Bc3
Rf8 32. Ra6 $18 Be7 33. Be5 (33. Be5 Rb7 34. Bg7 $18) 1-0

[Event "Skopje op 18th"]
[Site "Skopje"]
[Date "2002.01.17"]
[Round "3"]
[White "Graf, Alexander"]
[Black "Jacimovic, Dragoljub"]
[Result "1-0"]
[WhiteElo "2605"]
[BlackElo "2472"]
[Annotator "Huzman,A"]
[PlyCount "58"]
[EventDate "2002.01.15"]
[EventType "swiss"]
[EventRounds "9"]
[EventCountry "MKD"]
[SourceTitle "CBM 088"]
[Source "ChessBase"]
[SourceDate "2002.03.21"]
[SourceVersion "1"]
[SourceVersionDate "2002.03.21"]
[SourceQuality "1"]

1. d4 d5 2. c4 dxc4 3. Nf3 c6 4. e3 Be6 5. Nc3 Nf6 6. Ng5 Bd5 7. e4 h6 8. exd5
hxg5 9. dxc6 Nxc6 10. d5 Ne5 11. Bxg5 Qb6 (11... Qc7 12. Qd4 e6 (12... O-O-O
13. O-O-O a6 14. Bf4 Nfd7 15. Kb1 f6 16. Be2 g5 17. Bg3 f5 18. f4 gxf4 19. Qxf4
Bg7 20. Qxf5 $16 {1-0 Lerner,K-Starostits,I/Bydgoszcz POL 2000/ (44)}) 13.
O-O-O Nxd5 14. Nxd5 exd5 15. Re1 f6 16. Qxd5 Qd7 17. Rxe5+ fxe5 18. Qxe5+ Be7
19. Bxc4 Rc8 20. b3 Rc5 21. Qb8+ Rc8 22. Qf4 Rf8 23. Qe4 Rf7 24. Kb1 $16 {
0-1 Atalik,S-Varga,Z/ROM-chT 1994/EXT 97 (43)}) (11... a6 12. Qd4 Qc7 (12...
Qd6 13. Bxc4 Nxc4 14. Qxc4 Rxh2 15. Rxh2 Qxh2 16. O-O-O Qd6 17. Bf4 Qd7 {
1/2-1/2 Gofshtein,L-Lalic,B/Neum BIH 2000/The Week in Chess 309 (17)}) 13. Bf4
Nfd7 14. Bxc4 g5 (14... Rh4 15. Bxe5 Qxe5+ 16. Qxe5 Nxe5 17. Be2 g6 18. O-O Bg7
19. f4 Nd7 20. g3 Rh8 21. Rad1 $16 {1-0 Tobak,A-Bliumberg,V/Odessa-ch 2000 (34)
}) 15. Bg3 Bg7 16. Be2 f5 17. Bxe5 Bxe5 18. Qd3 Rc8 19. Rc1 Rf8 20. g3 Nc5 21.
Bh5+ Kd8 22. Qe2 g4 23. O-O Qd6 {1/2-1/2 McCambridge,V-Kirov,N/Hamburg 1981/
MCD (23)}) (11... Qa5 12. Qd4 Nd3+ 13. Bxd3 cxd3 14. Qxd3 O-O-O 15. Qc4+ Qc7
16. Qxc7+ Kxc7 17. Bf4+ Kb6 18. Be3+ Ka6 19. Rd1 $16 {1-0 Hanko,P-Taus,M/
Litomysl 1995/EXT 98 (49)}) 12. Bxc4 (12. Be3 Qxb2 13. Bd4 Nd3+ 14. Bxd3 cxd3
15. O-O Qb4 16. Qxd3 a6 17. Rfe1 $16 Rc8 18. Bxf6 gxf6 19. Ne4 Kd8 20. d6 e6
21. Rab1 Qa5 22. Qd4 Bg7 23. Red1 Rh5 24. Qa7 Rb5 25. d7 {1-0 Timman,
J-Ljubojevic,L/Hilversum (m1) 1987 (25)}) 12... Qxb2 (12... Nxc4 13. Qa4+ Nd7
14. Qxc4 $16) 13. Bb5+ Kd8 (13... Nfd7 14. Bd2 Rc8 15. Rb1 Qa3 16. f4 Rxc3 17.
fxe5 $16) 14. Bd2 Ne4 (14... Rc8 15. Rb1 Qa3 16. Rb3 Qd6 17. h3 a6 18. Be2 b5
19. O-O $16 {[%csl Rd8]}) 15. Nxe4 Qxb5 16. Qe2 Qxe2+ (16... Qxd5 17. Rd1 Qc6
18. Ng5 f6 19. f4 fxg5 20. fxe5 $40) (16... Nd3+ 17. Kf1 Qxd5 18. Rd1 Ke8 19.
Bb4 Rd8 20. Nd6+ Rxd6 21. Bxd6 Qxd6 22. Rxd3 $16) 17. Kxe2 Rh5 $6 (17... Rc8
18. Rac1 Rxc1 19. Bxc1 Nc4 $14) 18. Rac1 Rc8 19. Ng5 Nc4 $4 (19... Rxc1 20.
Bxc1 Ke8 (20... g6 21. f4 $16) 21. Bf4 Nc4 22. g4 Rh4 23. f3 $14) 20. g4 $18
Rxg5 (20... Rh4 21. Nxf7+ Ke8 22. Ne5 $18) 21. Bxg5 Kd7 22. Rb1 b6 23. Rhc1 Kd6
24. Kd3 Ne5+ 25. Ke4 Rc4+ 26. Rxc4 Nxc4 27. Kd4 Na3 28. Bf4+ Kd7 29. Rb3 e6 1-0

[Event "Clichy"]
[Site "Clichy"]
[Date "2001.06.28"]
[Round "4"]
[White "Hebden, Mark"]
[Black "Conquest, Stuart"]
[Result "1/2-1/2"]
[WhiteElo "2560"]
[BlackElo "2563"]
[Annotator "Huzman,A"]
[PlyCount "149"]
[EventDate "2001.06.25"]
[EventType "tourn"]
[EventRounds "9"]
[EventCountry "FRA"]
[EventCategory "14"]
[SourceTitle "CBM 085"]
[Source "ChessBase"]
[SourceDate "2001.11.13"]
[SourceVersion "1"]
[SourceVersionDate "2001.11.13"]
[SourceQuality "1"]

1. d4 Nf6 2. Nf3 d5 3. c4 dxc4 4. e3 Bg4 5. Nbd2 Nc6 6. Bxc4 e6 7. Qa4 (7. O-O
a6 8. a3 Bd6 9. h3 Bf5 10. Qe2 Nd5 11. e4 Nf4 12. Qe3 Bxh3 13. gxh3 Nxh3+ 14.
Kg2 Nf4+ 15. Kh1 Qf6 16. e5 Qh6+ 17. Nh2 Be7 {0-1 Salomo-Brause/FICS rated
blitz gam blitz 1995 (17)}) 7... Bd6 (7... Bxf3 8. Nxf3 Bb4+ 9. Bd2 (9. Kf1 Qd7
10. Bb5 Bd6 11. Bd2 O-O 12. Rc1 Rab8 13. b3 Qe7 14. Bxc6 bxc6 15. Qxc6 $16 {
1-0 Ostermeyer,P-Mozes,E/Ybbs 1968/MCD (41)}) 9... Bxd2+ 10. Nxd2 O-O 11. O-O-O
a6 12. Be2 b5 13. Qa3 Qd6 14. Bf3 Qxa3 15. bxa3 Nd5 16. Kc2 Rad8 17. Nb3 $14 {
0-1 Kasparov Brute Force-MM,V/3/93-17 Rehburg 1993 (64)}) 8. Bb5 (8. Ba6 $5 Qc8
(8... Bxf3 9. Nxf3 Qc8 10. Bb5 (10. Qxc6+ bxc6 11. Bxc8 Rxc8 12. Bd2 c5 13.
dxc5 Bxc5 14. Ke2 $14) 10... Qd7 11. Bd2 $16 {[%cal Ga1c1,Gc1c6,Ga4c6]}) 9. Ne5
O-O 10. Nxc6 (10. Bxb7 Qxb7 11. Nxc6 Bf5 12. f3 (12. Qc4 a5 $132 {[%cal Ya8a6]}
) 12... Bd3 13. Nc4 a5 $44) 10... bxa6 11. e4 Nd7 12. f3 (12. e5 $140 Nb6 13.
Qc2 Bf5 14. Ne4 Qd7 $1 15. exd6 cxd6 $44) 12... Nb6 13. Qc2 Bh5 14. Nb3 $16 (
14. e5 Bg6 15. Qc3 Nd5 16. exd6 cxd6 17. Qc4 Qc7 $11)) 8... O-O 9. Bxc6 bxc6
10. Qxc6 (10. Ne5 Bf5 (10... c5 11. Nxg4 Nxg4 12. dxc5 $18) (10... Bxe5 11.
dxe5 Qd3 12. Qc4 Qxc4 13. Nxc4 Nd5 14. f3 Bh5 15. Bd2 $16) 11. Nxc6 Qd7 $44)
10... Nd5 11. O-O Rb8 12. e4 $6 (12. Qa4 Rb7 13. b3 {[%cal Gc1a3]} Qe7 14. Bb2
$16) 12... Nf4 13. e5 Be7 (13... Ne2+ 14. Kh1 Be7 $44) 14. Qe4 g5 15. Nb3 Bf5
16. Qe3 Kh8 (16... Qd5 $1) 17. Nfd2 a5 (17... Qd5 18. f3 Bc2 $44) 18. Ne4 a4
19. Nbc5 Rb4 (19... Qxd4 20. Qxd4 Ne2+ 21. Kh1 Nxd4 22. Bxg5 Bxg5 23. Nxg5 Rxb2
$11) 20. Rd1 Rc4 (20... Qd5 21. f3 Rc4 $44) 21. Qf3 Rxd4 (21... Qd5 22. Bxf4
gxf4 $44) 22. Bxf4 gxf4 23. b4 Rg8 (23... axb3 24. axb3 Qd5 25. Rxd4 Qxd4 26.
Ra4 Qd5 $17) 24. Nd6 Rxd1+ 25. Rxd1 cxd6 26. exd6 Bg4 (26... Bf6 $19) 27. Qxf4
Bxd1 (27... e5 $1 28. Qxe5+ Bf6 $19) 28. dxe7 Qxe7 29. Qd4+ e5 30. Qxd1 $15 a3
(30... Rd8 $1 31. Qxa4 Qa7 $17) 31. g3 Qd8 $2 32. Qb3 Qe7 33. Qxa3 $16 Rd8 34.
Qf3 f6 35. Ne4 Rf8 36. a3 f5 37. Nc5 e4 38. Qc3+ Qf6 39. Qxf6+ Rxf6 40. b5 Kg7
41. a4 Rb6 42. Kf1 (42. f3 $1 exf3 43. Kf2 Kf7 44. Kxf3 $16 {[%csl Rf5]}) 42...
Kf7 43. Ke2 Ke7 44. Ke3 Kd6 45. Na6 Rb7 46. Kd4 (46. Kf4 Kd5 47. h3 Kd4) 46...
h5 47. h4 Rb6 48. Nb4 Rb8 49. Nd5 Rd8 50. Ne3 Kc7+ 51. Ke5 Rd2 52. Nxf5 (52.
Kxf5 $1 Rxf2+ 53. Kxe4 Ra2 (53... Kb6 54. Nd5+ Ka5 55. Nf4 $18) 54. Nd5+ Kd6
55. Nc3 Rg2 56. Kd4) 52... Rxf2 53. Kxe4 Ra2 54. Ng7 Rxa4+ 55. Kf5 Kd6 56. Nxh5
Ke7 57. Nf6 Kf7 (57... Ra3 58. Ne4 Rb3 59. g4 Rxb5+ 60. Kg6 Rb6+ 61. Kg7 Ke6
62. h5 Ke5 $11) 58. Nd5 (58. Ne4 Ke7 $16) 58... Ra5 59. Nc7 Ke7 60. Kg6 Ra4 61.
Nd5+ Ke6 62. Nf4+ (62. Nf6 $1 Rb4 63. h5 Rxb5 64. h6 Rf5 65. Ne4 Rf8 66. Ng5+
Ke7 67. h7 $18) 62... Ke5 63. Kg5 Ra5 64. h5 Rxb5 65. h6 Ke4+ 66. Kg4 Rb6 67.
Kh5 (67. h7 Rh6 68. Ne6 Ke5 69. Nf8 Kf6 70. Kf4 Kf7 $11) 67... Kf3 68. h7 Rb1 (
68... Rb8 $11) 69. Kg6 Rb6+ (69... Rb8 70. Nh5 Kg4 71. Nf6+ Kxg3 72. Ng8 Rb6+
73. Kf7 Rb7+ 74. Ne7 Rb8 $11) 70. Kg5 Rb5+ $2 71. Kh6 (71. Kh4 Rb8 72. Nh5 Re8
73. Nf6 Rh8 74. g4 Kf4 75. Kh5 $18) 71... Rb6+ 72. Ng6 Rb8 73. Kg7 Rb7+ 74. Kg8
Rxh7 75. Kxh7 1/2-1/2

[Event "EU-chT (Men) 12th"]
[Site "Batumi"]
[Date "1999.11.30"]
[Round "2.4"]
[White "Huzman, Alexander"]
[Black "Cvitan, Ognjen"]
[Result "1/2-1/2"]
[WhiteElo "2581"]
[BlackElo "2511"]
[Annotator "Huzman,A"]
[PlyCount "44"]
[EventDate "1999.11.06"]
[EventType "team-swiss"]
[EventRounds "9"]
[EventCountry "GEO"]
[SourceTitle "CBM 074"]
[Source "ChessBase"]
[SourceDate "2000.02.01"]
[SourceVersion "1"]
[SourceVersionDate "2000.02.01"]
[SourceQuality "1"]
[WhiteTeam "Israel"]
[BlackTeam "Croatia"]
[WhiteTeamCountry "ISR"]
[BlackTeamCountry "CRO"]

1. d4 Nf6 2. Nf3 d5 3. c4 dxc4 4. e3 Bg4 5. Bxc4 e6 6. h3 Bh5 7. Nc3 Nbd7 8.
Be2 Bb4 9. Qb3 c5 10. O-O O-O 11. Rd1 Bxc3 $5 (11... cxd4 12. exd4 Qa5 13. Bd2
Rfc8 14. Rac1 Nb6 15. g4 Bg6 16. Ne5 Bxc3 17. bxc3 Qd5 18. Qb2 Ne4 19. c4 Qd8
20. Be3 $16 {1-0 Pinter,J-Golubovic,B/Pula 1999/EXT 2000 (33)}) (11... b6 12.
d5 $1 Bxc3 $1 (12... exd5 13. Nxd5 Nxd5 14. Rxd5 $16) 13. dxe6 fxe6 14. bxc3 (
14. Qxc3 Qe7 15. b3 e5 16. e4 Bg6 $132) 14... Qe7 15. c4 e5 $36 (15... Ne5 16.
Nxe5 Bxe2 17. Rd2 Bh5 18. Bb2 $14)) 12. bxc3 (12. Qxc3 Rc8 $11 (12... cxd4 13.
Qxd4 e5 $132)) 12... Qc7 13. c4 Rac8 (13... cxd4 14. exd4 Rfc8 15. Bb2 Bxf3 16.
Bxf3 Qxc4 17. Bxb7 Rab8 18. Qa3 Rd8 19. Bf3 Qb4 $11) 14. Ba3 Rfd8 $6 (14...
Rfe8 $5 15. Rac1 e5 $132) (14... b6 $5 15. Rac1 Rfe8 16. Bb2 (16. d5 e5 $13)
16... cxd4 17. exd4 Bxf3 18. Bxf3 e5 $11) 15. Rac1 b6 16. Bb2 h6 $6 17. d5 $1
Re8 $1 (17... Qd6 $5) 18. Bxf6 $5 Nxf6 19. d6 Qb7 20. g4 Bg6 21. Ne5 Red8 (
21... Rcd8 $5) 22. Nxg6 fxg6 (22... fxg6 23. Qc3 (23. Qd3 Qf7 24. Bf3 Rd7 $15)
23... Qb8 $1 24. Qe5 Rc6 $1 25. Qxe6+ Kh7 $11) 1/2-1/2

[Event "RUS-ch KO"]
[Site "Moscow"]
[Date "1999.12.17"]
[Round "2.1"]
[White "Korotylev, Alexey"]
[Black "Fominyh, Alexander"]
[Result "0-1"]
[WhiteElo "2480"]
[BlackElo "2552"]
[Annotator "Huzman,A"]
[PlyCount "80"]
[EventDate "1999.12.04"]
[EventType "k.o."]
[EventRounds "6"]
[EventCountry "RUS"]
[SourceTitle "CBM 075"]
[Source "ChessBase"]
[SourceDate "2000.04.05"]
[SourceVersion "1"]
[SourceVersionDate "2000.04.05"]
[SourceQuality "1"]

1. d4 d5 2. c4 dxc4 3. Nf3 Nf6 4. e3 Bg4 5. Bxc4 e6 6. Qb3 Bxf3 7. gxf3 Nbd7 8.
Qxb7 c5 9. f4 cxd4 10. exd4 Bd6 11. O-O (11. Nc3 Qc8 12. Qg2 O-O 13. Be2 Rb8
14. f5 Bb4 15. Bh6 Bxc3+ 16. Kf1 g6 17. fxg6 fxg6 18. bxc3 Qxc3 19. Rc1 Qa3 20.
h4 Rfc8 21. Rd1 Rc2 22. h5 $36 {1-0 Freeman,M-Hardy,O/Bath 1963/EXT 99 (41)})
11... O-O {[%csl Rf4][%cal Yd7b6,Yb6d5,Gd5f4,Gd6f4]} 12. Qf3 $6 (12. Nc3 $142
Nb6 13. Bb3 Rb8 (13... a5 14. f5 $1 exf5 15. Bg5 Rb8 16. Qf3 h6 17. Be3 $13)
14. Qf3 Qd7 $44) 12... Nb6 13. Bb3 a5 14. Nc3 a4 15. Bd1 g6 $1 {[%cal Yd8b8,
Gb8h2]} 16. Be3 Qb8 17. Nb5 (17. Rc1 Nfd5 $15) 17... Nbd5 18. Nxd6 Qxd6 19. Rc1
Nh5 $15 20. Rc4 (20. f5 exf5 21. Re1 Rfb8 $36) 20... a3 21. bxa3 $6 (21. b3
Nhxf4 22. Bc2 f5 23. Rc1 $132) 21... Rxa3 22. Bb3 Nhxf4 23. Rc5 Rd8 24. Kh1 Ra7
$15 25. Rg1 Nxe3 26. fxe3 Nd5 27. Rc2 $6 (27. Rgc1 Rb8 28. Rc6 $132) 27... Qe7
28. Rf2 $2 Rc7 {[%csl Re3][%cal Yc7c3,Yc3e3]} 29. Qe4 (29. Rgf1 f5 30. Rc2 Rxc2
31. Bxc2 Rc8 32. Bb3 Qd6 $36) 29... Rc3 30. Rg3 Qd6 31. Qf3 Rf8 32. Bxd5 $6
exd5 33. Rg5 f5 $1 $17 {[%csl Ra2,Re3,Rh1][%cal Yf5f4]} 34. Kg2 $2 (34. Rg3 f4
35. Rg5 fxe3 $19) (34. Rg1 Qe6 35. Rg3 Ra8 $17 (35... f4 36. Rg5 Rxe3 37. Qxd5
$132)) 34... Kg7 {[%csl Rg5]} 35. h4 (35. Rg3 Ra8 $1 $17 {/-+} (35... f4 36.
Rg5 Rxe3 37. Qxd5 f3+ 38. Kh3 Qf4 $17)) 35... h6 36. Rg3 f4 $19 37. Rg4 Rxe3
38. Qd1 f3+ 39. Kh3 Qe6 40. Kg3 Re1 0-1